Sports Quiz

Random Sports or Clickable Quiz

Gordie Howe Records Quiz Stats

 Plays Quiz Updated Jun 10, 2016

Challenge
Share
Tweet
Embed
Score 0/12 Timer 03:00
13 Plays Today
% Correct
Oldest Player to Play in NHL
84.5%
Only Player to Play in NHL in Five Different Decades
83.8%
First Player to Play 1,500 Games in NHL History
83.4%
Most NHL Seasons Played
82.2%
Most NHL Regular Season Games Played with a Single Team
80.9%
Most NHL Regular Season Games Played
79.4%
Most Goals with a Single Team
76.7%
Most NHL All-Star Game Appearances
76.6%
Most Points with a Single Team
76.3%
Most Consecutive NHL 20-Goal Seasons
74.8%
Most NHL Regular Season Goals by a Right Winger
71.9%
Most Times Leading NHL Playoffs in Scoring
52.2%

You're not logged in!

Compare scores with friends on all Sporcle quizzes.
Join for Free
OR
Log In

You Might Also Like...

Show Comments

Extras

Top Quizzes Today


Score Distribution

Your Account Isn't Verified!

In order to create a playlist on Sporcle, you need to verify the email address you used during registration. Go to your Sporcle Settings to finish the process.

Report this User

Report this user for behavior that violates our Community Guidelines.

Details: